Szczegóły MARC21

Schreiben Frauen anders? : Klischees auf dem Prüfstand /

005 -DATA I CZAS OSTATNIEJ MODYFIKACJI [,]
    • @
    • pole kontrolne
    • 20070315155141.9
040 -Instytucja sporządzająca opis [ , ]
    • a
    • Instytucja, która sporządziła opis (NP)
    • SZCZ U
    • c
    • Instytucja, która sporządziła rekord (NP)
    • SZCZ U
041 -Język dokumentu [0, ]
    • a
    • Język tekstu (P)
    • niemiecki
    • h
    • Język tekstu oryginalnego i/lub pośredniego (P)
    • niemiecki
942 -Rodzaj dokumentu [ , ]
    • c
    • Rodzaj dokumentu
    • Książka
100 -Hasło główne - nazwa osobowa [ , ]
    • a
    • Nazwa osobowa (NP)
    • SCHAFER SCHERRER, DORIS
245 -Strefa tytułu i oznaczenia odpowiedzialności [1, ]
    • a
    • Tytuł
    • Schreiben Frauen anders? : Find
    • b
    • Ciąg dalszy tytułu (NP)
    • Klischees auf dem Prüfstand / Find
    • c
    • Pozostałe elementy strefy tytułu i oznaczenia odpowiedzialności (NP)
    • Doris Schafer Scherrer.
260 -Strefa adresu wydawniczego [ , ]
    • a
    • Miejsce wydania (P)
    • Freiburg :
    • b
    • Nazwa wydawcy (P)
    • Uniwersitätsverl.
    • c
    • Data wydania (P)
    • 1998.
300 -Strefa opisu fizycznego [ , ]
    • c
    • Format (NP)
    • 21 cm
490 -Strefa serii i książki wielotomowej - forma nie do wyszukiwania [0, ]
    • a
    • Tytuł (P)
    • (Germanistica Friburgensia ; Find
    • x
    • ISSN (NP)
    • 1422-4321)
    • v
    • Numeracja (P)
    • 17,
500 -Uwaga ogólna [ , ]
    • a
    • Uwaga ogólna (NP)
    • Bibliogr
080 -Uniwersalna Klasyfikacja Dziesiętna [ , ]
    • a
    • Symbol klasyfikacji
    • 803.0-313=30
080 -Uniwersalna Klasyfikacja Dziesiętna [ , ]
    • a
    • Symbol klasyfikacji
    • :803.0-06=30
080 -Uniwersalna Klasyfikacja Dziesiętna [ , ]
    • a
    • Symbol klasyfikacji
    • :803.0-54=30
080 -Uniwersalna Klasyfikacja Dziesiętna [ , ]
    • a
    • Symbol klasyfikacji
    • :82.08=30
980 -Symbol UKD [ , ]
    • a
    • UKD
    • 803.0-313=30:803.0-06=30:803.0-54=30:82.08=30
Numer inwentarzowy Status udost. Data inwentaryzacji Lokalizacja Sygnatura
G.1598312002-02-15BMGERM. Literatura kobieca 08